00233nam a2200097Ia 4500008004100000041001200041100002200053245004800075260000600123650000600129221030s9999 xx 000 0 und d aEnglish aR. K. Shevgaonkar 0aElectromagentic Wavescby R. K. Shevgaonkar c0 aB